[Event "18e tournoi d'automne - tournoi B"]
[Site "Montigny le Bretonneux"]
[Date "2019.10.19"]
[Round "1.1"]
[White "Couronne, Patrice"]
[Black "Tanchoux, Pierre"]
[Result "1-0"]
[WhiteElo "1644"]
[BlackElo "1290"]
[Annotator "Rivier,Sylvain"]
[PlyCount "75"]
[EventDate "2019.??.??"]

{Gambit dame} 1. d4 d5 2. c4 e6 3. Nc3 Nf6 4. Nf3 c5 5. Bg5 Nc6 6. e3 Be7 7.
Be2 cxd4 8. Nxd4 O-O 9. O-O dxc4 10. Nxc6 bxc6 11. Bxc4 Bb7 12. Qc2 Qc7 13. Bd3
h6 14. Bh4 Ng4 15. Bg3 Bd6 16. Ne4 Bxg3 17. Nxg3 c5 18. h3 Ne5 19. Be4 Rac8 20.
Bxb7 Qxb7 21. Nh5 c4 22. Qc3 f6 23. Nf4 Rfe8 24. Rab1 Qf7 25. Rfd1 Red8 26. Rd4
g5 27. Ne2 Nd3 28. Rxd8+ Rxd8 29. Qxc4 e5 30. Qxf7+ Kxf7 31. e4 Rb8 32. b3 Rc8
33. Rd1 Rd8 34. Nc1 Rd4 35. Rxd3 Kg6 36. Rxd4 exd4 37. Nd3 h5 38. f3 1-0

[Event "18e tournoi d'automne - tournoi B"]
[Site "Montigny le Bretonneux"]
[Date "2019.10.19"]
[Round "1.2"]
[White "Fayolle, Guy"]
[Black "Branson, James"]
[Result "1-0"]
[WhiteElo "1639"]
[BlackElo "1596"]
[Annotator "Rivier,Sylvain"]
[PlyCount "69"]
[EventDate "2019.??.??"]

{D�fense fran�aise, variante Tarrasch ferm�e} 1. e4 e6 2. d4 d5 3. Nd2 Nf6 4.
e5 Nfd7 5. Ngf3 c5 6. c3 Nc6 7. Bd3 Qb6 8. O-O cxd4 9. cxd4 Nxd4 10. Nxd4 Qxd4
11. Nf3 Qb6 12. Qa4 h6 13. Bd2 a6 14. Rac1 Be7 15. Ba5 Qxb2 16. Rc3 b5 17. Qg4
Qxa2 18. Qxg7 Rf8 19. Bc7 Bb7 20. Rfc1 d4 21. Nxd4 Qd5 22. Ne2 Rc8 23. Bh7 Bd8
24. Nf4 Qd2 25. Nxe6 Bg5 26. Nxf8 Qd5 27. f3 Bxc1 28. Rxc1 Nxf8 29. Bf5 Qd4+
30. Kf1 Qd2 31. Rc2 Qd1+ 32. Kf2 Ng6 33. Bxg6 fxg6 34. Qxg6+ Kd7 35. Qf7# 1-0

[Event "18e tournoi d'automne - tournoi B"]
[Site "Montigny le Bretonneux"]
[Date "2019.10.19"]
[Round "1.3"]
[White "Poletto, Claude"]
[Black "Duval, Dominique"]
[Result "0-1"]
[WhiteElo "1515"]
[BlackElo "1638"]
[Annotator "Rivier,Sylvain"]
[PlyCount "32"]
[EventDate "2019.??.??"]

{D�but R�ti} 1. b3 d5 2. Bb2 Bf5 3. Nf3 e6 4. e3 h6 5. d3 Nf6 6. h3 Bd6 7. g4
Bh7 8. Nbd2 Nbd7 9. Bg2 c6 10. g5 hxg5 11. Nxg5 Bg6 12. Qe2 Qa5 13. a4 Bb4 14.
e4 d4 15. h4 e5 16. O-O-O b5 0-1

[Event "18e tournoi d'automne - tournoi B"]
[Site "Montigny le Bretonneux"]
[Date "2019.10.19"]
[Round "1.4"]
[White "Couradin, Jean-Marie"]
[Black "Farwagi, Pierre"]
[Result "1-0"]
[WhiteElo "1596"]
[BlackElo "1384"]
[Annotator "Rivier,Sylvain"]
[PlyCount "157"]
[EventDate "2019.??.??"]

{Défense est-indienne} 1. c4 Nf6 2. Nc3 g6 3. g3 Bg7 4. Bg2 O-O 5. e4 d6 6.
Nge2 Nbd7 7. d4 c6 8. O-O Rb8 9. Qc2 e5 10. d5 a6 11. Bg5 Qc7 12. Rac1 b5 13.
cxb5 cxb5 14. b4 Nb6 15. Nb1 Qxc2 16. Rxc2 Bd7 17. Rfc1 Rfc8 18. Nd2 Rxc2 19.
Rxc2 Rc8 20. Rxc8+ Bxc8 21. Be3 Nc4 22. Nb3 Bb7 23. Na5 Ba8 24. f3 Kf8 25. Bh3
Ne8 26. Ba7 Ke7 27. Bc8 Nc7 28. Bb8 Nb6 29. Bh3 Kd8 30. Nc3 Bh6 31. a3 Be3+ 32.
Kf1 Bd4 33. Nb1 Na4 34. Nb3 Bb2 35. Ba7 Nc3 36. N3d2 Nxb1 37. Nxb1 Nxd5 38.
exd5 Bxd5 39. Bb6+ Ke7 40. Ke2 Ba2 41. Nd2 Bxa3 42. Ba5 f5 43. g4 Be6 44. gxf5
gxf5 45. Bg2 Bb2 46. Kd3 Bd5 47. Bb6 Kd7 48. Kc2 Ba3 49. Kc3 Kc6 50. Bd8 Kd7
51. Bg5 Bc1 52. Bf6 Ke6 53. Bd8 Kd7 54. Ba5 Ke6 55. Bh3 Bxd2+ 56. Kxd2 Bxf3 57.
Bc7 d5 58. Ke3 Bh5 59. Bg2 f4+ 60. Kf2 Bg4 61. h3 Bd1 62. Ke1 Bb3 63. Bf3 Kf5
64. Bg4+ Ke4 65. Bc8 Kd4 66. Bxa6 Bc4 67. Bc8 Bd3 68. Kd2 Bg6 69. Bd7 f3 70.
Bxb5 e4 71. Bb6+ Ke5 72. Ke3 Bf5 73. Bd4+ Ke6 74. h4 Kd6 75. Ba6 Bd7 76. b5 Kc7
77. b6+ Kb8 78. Be5+ Ka8 79. b7+ 1-0

[Event "18e tournoi d'automne - tournoi B"]
[Site "Montigny le Bretonneux"]
[Date "2019.10.19"]
[Round "1.5"]
[White "Montay, Jean-Paul"]
[Black "Boucher, Francis"]
[Result "1-0"]
[WhiteElo "1328"]
[BlackElo "1113"]
[Annotator "Rivier,Sylvain"]
[PlyCount "83"]
[EventDate "2019.??.??"]

{Ouverture anglaise} 1. c4 e6 2. g3 c6 3. Nf3 Bb4 4. Bg2 Nf6 5. a3 Ba5 6. O-O
O-O 7. b4 Bc7 8. Bb2 d5 9. d3 dxc4 10. dxc4 Nbd7 11. Nc3 Re8 12. Qc2 h6 13.
Rad1 Qe7 14. Ne4 e5 15. Rd2 Nxe4 16. Qxe4 Nf6 17. Qc2 Bd7 18. e3 Rad8 19. h3 c5
20. b5 b6 21. Qa4 Bb8 22. Qc2 Bc7 23. Nh4 Qf8 24. Rfd1 Bc8 25. Nf3 a6 26. a4
Rxd2 27. Nxd2 a5 28. Ne4 Nxe4 29. Qxe4 Re6 30. Qc2 Re7 31. h4 Be6 32. f4 exf4
33. exf4 Qc8 34. Kh2 Rd7 35. Qc3 f6 36. Re1 Bf7 37. Bh3 Bd6 38. Bxd7 Qxd7 39.
Rd1 Bh5 40. Rd5 Bg4 41. Qd2 Bxf4 42. Qxf4 1-0

[Event "18e tournoi d'automne - tournoi B"]
[Site "Montigny le Bretonneux"]
[Date "2019.10.20"]
[Round "2.1"]
[White "Couronne, Patrice"]
[Black "Couradin, Jean-Marie"]
[Result "1/2-1/2"]
[WhiteElo "1644"]
[BlackElo "1596"]
[Annotator "Rivier,Sylvain"]
[PlyCount "121"]
[EventDate "2019.??.??"]

{Gambit dame, défense semi-slave} 1. d4 d5 2. c4 c6 3. Nf3 e6 4. e3 Nf6 5. Nc3
Nbd7 6. Bd2 a6 7. c5 Qc7 8. b4 e5 9. dxe5 Nxe5 10. Nxe5 Qxe5 11. Na4 Bf5 12.
Bc3 Qe6 13. Be2 Be7 14. O-O O-O 15. Bd4 Ne4 16. Rc1 Qg6 17. Bf3 Bf6 18. Nc3
Rfe8 19. Ne2 Bxd4 20. Nxd4 Bd7 21. a4 Ng5 22. Kh1 Qf6 23. Rb1 Ne4 24. Rb3 Re5
25. Qc2 Bf5 26. Nxf5 Qxf5 27. Qb2 Ng5 28. Be2 Re6 29. b5 Qe5 30. Qxe5 Rxe5 31.
bxc6 bxc6 32. Bxa6 Ne4 33. Rfb1 Ree8 34. Rb6 Nxc5 35. Bf1 Rec8 36. Rc1 Nxa4 37.
Rbxc6 Rxc6 38. Rxc6 Rd8 39. g3 Nb2 40. Be2 Kf8 41. Kg2 Ke7 42. Kf3 Rd6 43. Rc7+
Rd7 44. Rc2 Rb7 45. Rc5 Kd6 46. Rc8 Na4 47. Rd8+ Ke6 48. Kg2 Nc3 49. Bf3 Ne4
50. g4 Rb2 51. Bxe4 dxe4 52. Rd4 Ke5 53. h4 h6 54. Kg3 g5 55. h5 Rb1 56. Kg2
Rb6 57. Rd8 Rf6 58. Re8+ Kd5 59. Kg3 Rf3+ 60. Kg2 Rf6 61. Rd8+ 1/2-1/2

[Event "18e tournoi d'automne - tournoi B"]
[Site "Montigny le Bretonneux"]
[Date "2019.10.20"]
[Round "2.2"]
[White "Boucher, Francis"]
[Black "Fayolle, Guy"]
[Result "0-1"]
[WhiteElo "1113"]
[BlackElo "1639"]
[Annotator "Rivier,Sylvain"]
[PlyCount "80"]
[EventDate "2019.??.??"]

{D�fense est-indienne} 1. d4 Nf6 2. c4 g6 3. Nf3 Bg7 4. Bf4 d6 5. h3 O-O 6. Nc3
c6 7. Qd2 a6 8. Bh6 b5 9. Bxg7 Kxg7 10. e3 Qc7 11. b3 e5 12. Be2 Bf5 13. Bd3
Bxd3 14. Qxd3 b4 15. Ne4 Nxe4 16. Qxe4 f5 17. Qc2 Nd7 18. O-O-O a5 19. Qb2 Kg8
20. Rd2 a4 21. Rhd1 e4 22. a3 bxa3 23. Qxa3 exf3 24. gxf3 axb3 25. Qxb3 Rfb8
26. Qc3 Qa5 27. Qxa5 Rxa5 28. Kc2 Ra2+ 29. Kd3 Rb3+ 30. Ke2 Rxd2+ 31. Rxd2 Rc3
32. e4 Rxc4 33. Ke3 Kf7 34. Kf4 Kf6 35. Ke3 Rc3+ 36. Kf4 g5+ 37. Kg3 fxe4 38.
d5 Rxf3+ 39. Kg4 Kg6 40. dxc6 Ne5# 0-1

[Event "18e tournoi d'automne - tournoi B"]
[Site "Montigny le Bretonneux"]
[Date "2019.10.20"]
[Round "2.3"]
[White "Duval, Dominique"]
[Black "Montay, Jean-Paul"]
[Result "1/2-1/2"]
[WhiteElo "1638"]
[BlackElo "1328"]
[Annotator "Rivier,Sylvain"]
[PlyCount "71"]
[EventDate "2019.??.??"]

{Ouverture du pion dame} 1. d4 Nf6 2. Bf4 e6 3. e3 Be7 4. Bd3 d6 5. Nd2 O-O 6.
h3 Nc6 7. Ngf3 h6 8. c3 Re8 9. Qc2 Bf8 10. O-O-O e5 11. dxe5 Nxe5 12. Nxe5 dxe5
13. Bg3 Qd5 14. Nc4 e4 15. Be2 Qc6 16. Na5 Qb6 17. Nb3 Bf5 18. Nd4 Bd7 19. Bc4
c5 20. Nb3 Bb5 21. Bxb5 Qxb5 22. Bd6 b6 23. Bxf8 Kxf8 24. Rd6 Rad8 25. Qd2 Ke7
26. Rd1 Rd7 27. Rxd7+ Qxd7 28. Qe2 Qc7 29. f4 Rd8 30. g4 Rd6 31. Qc4 Rxd1+ 32.
Kxd1 g5 33. Nd2 gxf4 34. Nxe4 fxe3 35. Nxf6 Kxf6 36. Qd5 1/2-1/2

[Event "18e tournoi d'automne - tournoi B"]
[Site "Montigny le Bretonneux"]
[Date "2019.10.20"]
[Round "2.4"]
[White "Tanchoux, Pierre"]
[Black "Branson, James"]
[Result "1-0"]
[WhiteElo "1290"]
[BlackElo "1596"]
[Annotator "Rivier,Sylvain"]
[PlyCount "101"]
[EventDate "2019.??.??"]

{D�but du fou, d�fense berlinoise} 1. e4 e5 2. Nf3 Nc6 3. Bc4 Nf6 4. d3 d5 5.
exd5 Nxd5 6. O-O f6 7. h3 Nb6 8. a3 Nxc4 9. dxc4 Bf5 10. Nc3 Qxd1 11. Rxd1 Bxc2
12. Re1 O-O-O 13. Be3 Nd4 14. Nb5 Nxf3+ 15. gxf3 a6 16. Nc3 Bf5 17. Kh2 Bd6 18.
Kg2 g5 19. Nd5 e4 20. Nxf6 exf3+ 21. Kxf3 Bxh3 22. Bxg5 Rdf8 23. Rh1 Bd7 24.
Ke3 Bc6 25. Rxh7 Rxh7 26. Nxh7 Rf3+ 27. Ke2 Rb3 28. Bf6 Bf3+ 29. Kf1 Bc5 30.
Re1 Rd3 31. Re8+ Kd7 32. Rd8+ Ke6 33. Rxd3 Be4 34. Rh3 Bxh7 35. Rxh7 Kxf6 36.
Rxc7 b6 37. b4 Bd4 38. c5 Ke5 39. cxb6 Bxb6 40. Re7+ Kd5 41. f4 Bd4 42. Ke2 Bb2
43. a4 Bc3 44. b5 axb5 45. axb5 Kd6 46. Re3 Ba5 47. Kd3 Bb6 48. Re2 Bc7 49. Kc4
Bb6 50. f5 Bd8 51. Rd2+ 1-0

[Event "18e tournoi d'automne - tournoi B"]
[Site "Montigny le Bretonneux"]
[Date "2019.10.20"]
[Round "2.5"]
[White "Farwagi, Pierre"]
[Black "Poletto, Claude"]
[Result "0-1"]
[WhiteElo "1384"]
[BlackElo "1515"]
[Annotator "Rivier,Sylvain"]
[PlyCount "26"]
[EventDate "2019.??.??"]

{D�fense sicilienne, fianchetto acc�l�r� moderne} 1. e4 c5 2. Nf3 g6 3. d4 cxd4
4. Nxd4 Bg7 5. Nc3 Nc6 6. Be3 Nf6 7. Bc4 O-O 8. Nxc6 dxc6 9. f3 Qa5 10. O-O Rd8
11. Qc1 Nd7 12. Bd2 Qc5+ 13. Kh1 Qxc4 0-1

[Event "18e tournoi d'automne - tournoi B"]
[Site "Montigny le Bretonneux"]
[Date "2019.10.21"]
[Round "3.1"]
[White "Poletto, Claude"]
[Black "Couronne, Patrice"]
[Result "0-1"]
[WhiteElo "1515"]
[BlackElo "1644"]
[Annotator "Rivier,Sylvain"]
[PlyCount "46"]
[EventDate "2019.??.??"]

{D�but D�but R�ti} 1. b3 d5 2. Bb2 Nf6 3. e3 e6 4. Nf3 Be7 5. g3 c5 6. Bg2 Nc6
7. d4 b6 8. O-O O-O 9. Nbd2 Bb7 10. a3 Rc8 11. Rc1 b5 12. dxc5 Bxc5 13. c4 bxc4
14. bxc4 Qe7 15. cxd5 Nxd5 16. Nc4 Rfd8 17. Qa4 Nb6 18. Nxb6 axb6 19. Ne5 Nxe5
20. Bxb7 Qxb7 21. Bxe5 Rd3 22. Qb5 Rd5 23. Bd4 Bxd4 0-1

[Event "18e tournoi d'automne - tournoi B"]
[Site "Montigny le Bretonneux"]
[Date "2019.10.21"]
[Round "3.2"]
[White "Fayolle, Guy"]
[Black "Duval, Dominique"]
[Result "1-0"]
[WhiteElo "1639"]
[BlackElo "1638"]
[Annotator "Rivier,Sylvain"]
[PlyCount "85"]
[EventDate "2019.??.??"]

{D� fense sicilienne, variante Najdorf} 1. e4 c5 2. Nf3 d6 3. d4 cxd4 4. Nxd4
Nf6 5. Nc3 Nc6 6. Be3 a6 7. Qd2 Ng4 8. Bg5 h6 9. Bh4 Nxd4 10. Qxd4 e5 11. Qa4+
Bd7 12. Bxd8 Bxa4 13. Bb6 Bc6 14. O-O-O Nf6 15. f3 Nd7 16. Bc7 f6 17. Bxd6 Bxd6
18. Rxd6 Ke7 19. Rd2 Nb6 20. Be2 Rhd8 21. Rhd1 Rxd2 22. Rxd2 Rc8 23. b3 Ke6 24.
Kb2 Ke7 25. Nd5+ Bxd5 26. exd5 Kd6 27. c4 Nd7 28. b4 b6 29. Kb3 Ra8 30. a3 a5
31. Bd1 Ra7 32. Bc2 axb4 33. axb4 Ra1 34. Bf5 Nb8 35. Ra2 Rxa2 36. Kxa2 b5 37.
Kb3 bxc4+ 38. Kxc4 Na6 39. Be4 Nc7 40. b5 f5 41. b6 fxe4 42. bxc7 Kxc7 43. fxe4
1-0

[Event "18e tournoi d'automne - tournoi B"]
[Site "Montigny le Bretonneux"]
[Date "2019.10.21"]
[Round "3.3"]
[White "Branson, James"]
[Black "Boucher, Francis"]
[Result "1-0"]
[WhiteElo "1596"]
[BlackElo "1113"]
[Annotator "Rivier,Sylvain"]
[PlyCount "41"]
[EventDate "2019.??.??"]

{Gambit du roi} 1. e4 e5 2. f4 d6 3. Nf3 Nc6 4. Bb5 Bd7 5. O-O Nf6 6. Nc3 Be7
7. d3 a6 8. Ba4 exf4 9. Bxf4 O-O 10. Bb3 Be6 11. Nd5 Bxd5 12. exd5 Na7 13. c4
Re8 14. d4 Nh5 15. Qd2 Nxf4 16. Qxf4 h6 17. Bc2 Bg5 18. Nxg5 Qxg5 19. Qxf7+ Kh8
20. Rf3 Qe7 21. Qg6 1-0

[Event "18e tournoi d'automne - tournoi B"]
[Site "Montigny le Bretonneux"]
[Date "2019.10.21"]
[Round "3.4"]
[White "Couradin, Jean-Marie"]
[Black "Tanchoux, Pierre"]
[Result "1-0"]
[WhiteElo "1596"]
[BlackElo "1290"]
[Annotator "Rivier,Sylvain"]
[PlyCount "87"]
[EventDate "2019.??.??"]

{D�fense sicilienne} 1. e4 c5 2. Nf3 d6 3. d3 h6 4. g3 Nf6 5. Bg2 e6 6. Nbd2
Be7 7. O-O O-O 8. b3 Nc6 9. Bb2 Qc7 10. Re1 e5 11. Nc4 b5 12. Ne3 Be6 13. Qe2
b4 14. c3 a5 15. c4 Nd4 16. Nxd4 cxd4 17. Nd5 Nxd5 18. exd5 Bf5 19. f4 Bf6 20.
g4 Bh7 21. f5 Rae8 22. Bxd4 Qd7 23. Bb2 Qe7 24. Be4 Bg5 25. Qf3 Bf4 26. Bc1
Bxc1 27. Raxc1 Qg5 28. Rc2 h5 29. Rg2 Qh4 30. Rf1 hxg4 31. Rxg4 Qf6 32. Kh1 Kh8
33. Qh3 g6 34. fxg6 Qxf1+ 35. Qxf1 fxg6 36. Qh3 Re7 37. Rxg6 Ref7 38. Rf6 Kg7
39. Rxf7+ Kxf7 40. Qxh7+ Ke8 41. Bg6+ Kd8 42. Qh4+ Kd7 43. Qg4+ Kd8 44. Qe6 1-0

[Event "18e tournoi d'automne - tournoi B"]
[Site "Montigny le Bretonneux"]
[Date "2019.10.21"]
[Round "3.5"]
[White "Montay, Jean-Paul"]
[Black "Farwagi, Pierre"]
[Result "0-1"]
[WhiteElo "1328"]
[BlackElo "1384"]
[Annotator "Rivier,Sylvain"]
[PlyCount "75"]
[EventDate "2019.??.??"]

{Ouverture anglaise, défense anglo-indienne} 1. c4 Nf6 2. Nc3 g6 3. b3 Bg7 4.
Bb2 O-O 5. g3 d6 6. Nf3 e5 7. Bg2 c6 8. Qc2 Nbd7 9. O-O a5 10. d4 exd4 11. Nxd4
Re8 12. e3 Qc7 13. Rad1 Nc5 14. h3 Bd7 15. Rfe1 Ne6 16. Nce2 Ng5 17. Nf4 Qc8
18. Kh2 Nge4 19. Nf3 Bf5 20. Bxf6 Nxf6 21. Qc1 Ne4 22. Kg1 Qc7 23. Nd4 Bd7 24.
Qc2 Nc5 25. Qd2 Rad8 26. e4 Bc8 27. h4 Bg4 28. f3 Bc8 29. Bh3 Nd7 30. Bxd7 Rxd7
31. Nh3 d5 32. Qg2 dxe4 33. Rxe4 Rxe4 34. fxe4 Rxd4 35. Rf1 Bh6 36. Qf2 Rd2 37.
Qf3 Bxh3 38. Kh1 0-1

[Event "18e tournoi d'automne - tournoi B"]
[Site "Montigny le Bretonneux"]
[Date "2019.10.22"]
[Round "5.4"]
[White "Montay, Jean-Paul"]
[Black "Couradin, Jean-Marie"]
[Result "1/2-1/2"]
[WhiteElo "1328"]
[BlackElo "1596"]
[Annotator "Rivier,Sylvain"]
[PlyCount "78"]
[EventDate "2019.??.??"]

{D� D�fense fran�aise, variante d'avance} 1. e4 e6 2. d4 d5 3. e5 c5 4. Nf3
cxd4 5. Nxd4 Nc6 6. Bb5 Bd7 7. Nxc6 Bxc6 8. Bxc6+ bxc6 9. O-O Bc5 10. Nc3 Qc7
11. Bf4 Ne7 12. Na4 Bb6 13. Nxb6 axb6 14. Re1 Ng6 15. Bg3 O-O 16. b3 c5 17. f4
Ne7 18. a4 d4 19. Qd3 Qc6 20. Qb5 Ra5 21. Qc4 Nd5 22. Bf2 Nxf4 23. Qf1 Nd5 24.
Qc4 Nf4 25. Qf1 Rd8 26. Bh4 Qxg2+ 27. Qxg2 Nxg2 28. Bxd8 Nxe1 29. Rxe1 Ra6 30.
Kf1 Kf8 31. Ke2 Ke8 32. Bg5 h6 33. Bd2 Ra7 34. Kd3 Kd7 35. c3 dxc3 36. Bxc3 Kc6
37. Rg1 g6 38. Rg4 Rd7+ 39. Kc4 Rb7 1/2-1/2

[Event "18e tournoi d'automne - tournoi B"]
[Site "Montigny le Bretonneux"]
[Date "2019.10.22"]
[Round "6.3"]
[White "Tanchoux, Pierre"]
[Black "Duval, Dominique"]
[Result "0-1"]
[WhiteElo "1290"]
[BlackElo "1638"]
[Annotator "Rivier,Sylvain"]
[PlyCount "78"]
[EventDate "2019.??.??"]

{D�fense sicilienne, variante Najdorf} 1. e4 c5 2. Nf3 d6 3. d4 cxd4 4. Nxd4
Nf6 5. Nc3 Nc6 6. Be2 a6 7. O-O g6 8. a4 Bg7 9. Be3 O-O 10. Qd2 Bd7 11. f4 Rc8
12. Nf3 Ng4 13. Kh1 Nxe3 14. Qxe3 Bg4 15. Rad1 Bxf3 16. Bxf3 Nb4 17. Rd2 Qa5
18. Nd5 Nxd5 19. exd5 Qxa4 20. b3 Qb5 21. c4 Qb4 22. Rd3 Rc7 23. Qe1 Qa3 24.
Bd1 Bf6 25. Re3 Qc5 26. Rh3 b5 27. Be2 bxc4 28. Bxc4 a5 29. Qe4 a4 30. bxa4
Qxc4 31. Qf3 Qxa4 32. f5 Rc3 33. Qg4 Rxh3 34. Qxh3 Qh4 35. Qf3 Ra8 36. h3 Ra1
37. Rxa1 Bxa1 38. Qe2 Be5 39. fxg6 hxg6 0-1

[Event "18e tournoi d'automne - tournoi B"]
[Site "Montigny le Bretonneux"]
[Date "2019.10.22"]
[Round "5.3"]
[White "Branson, James"]
[Black "Farwagi, Pierre"]
[Result "0-1"]
[WhiteElo "1596"]
[BlackElo "1384"]
[Annotator "Rivier,Sylvain"]
[PlyCount "110"]
[EventDate "2019.??.??"]

{D�fense sicilienne, syst�me ferm�} 1. e4 c5 2. Nc3 Nc6 3. f4 d6 4. Nf3 e6 5.
Bc4 g6 6. d3 Bg7 7. Bd2 a6 8. O-O Nge7 9. Qe1 b5 10. Bb3 Bd7 11. Kh1 b4 12. Nd1
a5 13. a4 O-O 14. Qh4 Nc8 15. Qh3 Nb6 16. g4 d5 17. exd5 exd5 18. f5 c4 19.
dxc4 dxc4 20. Ba2 Ne5 21. Bg5 Bf6 22. Nxe5 Bxg5 23. Nxd7 Qxd7 24. Ne3 Qc6+ 25.
Ng2 Nxa4 26. Qf3 Qxf3 27. Rxf3 Nxb2 28. h4 Bd2 29. Rb1 c3 30. Rbf1 g5 31. f6
Rfe8 32. hxg5 Bxg5 33. Rf5 h6 34. Nf4 Re4 35. Bd5 Rxf4 36. R5xf4 Ra7 37. Re4
Kf8 38. Bc6 Kg8 39. Re8+ Kh7 40. Re7 Rxe7 41. fxe7 Bxe7 42. Rxf7+ Kg6 43. Rxe7
a4 44. Ra7 a3 45. Bd5 Nd1 46. Ra4 Ne3 47. Be4+ Kg5 48. Rxb4 Nxg4 49. Bd3 Nf2+
50. Kg2 Nxd3 51. Rb3 Ne1+ 52. Kg3 a2 53. Rb5+ Kf6 54. Rb6+ Ke5 55. Ra6 Nxc2 0-1

[Event "18e tournoi d'automne - tournoi B"]
[Site "Montigny le Bretonneux"]
[Date "2019.10.22"]
[Round "4.1"]
[White "Couronne, Patrice"]
[Black "Montay, Jean-Paul"]
[Result "1-0"]
[WhiteElo "1644"]
[BlackElo "1328"]
[Annotator "Rivier,Sylvain"]
[PlyCount "95"]
[EventDate "2019.??.??"]

{D�fense Nimzo-indienne, variante des trois cavaliers} 1. d4 Nf6 2. c4 e6 3.
Nc3 Bb4 4. e3 b6 5. Bd2 Bxc3 6. Bxc3 Bb7 7. Nf3 O-O 8. Be2 c5 9. dxc5 bxc5 10.
b3 d5 11. O-O Nbd7 12. Ne5 Nxe5 13. Bxe5 Nd7 14. Bb2 Qg5 15. f4 Qe7 16. Rf3 d4
17. Rg3 e5 18. fxe5 f6 19. exd4 cxd4 20. exf6 Nxf6 21. Bf3 Bxf3 22. Rxf3 Rad8
23. a4 Qe4 24. Qd2 Ng4 25. Rxf8+ Rxf8 26. Qxd4 Qg6 27. Re1 Nf2 28. Qd5+ Kh8 29.
Bd4 Nh3+ 30. Kh1 Nf4 31. Qe4 Qxe4 32. Rxe4 Nd3 33. h3 h6 34. Re7 Rg8 35. Rxa7
Nf4 36. b4 Ne6 37. Be5 Kh7 38. c5 Kg6 39. c6 Kf5 40. Bd6 Rc8 41. c7 Nd4 42. b5
Ke6 43. Bc5 Kd7 44. Bxd4 Rxc7 45. Rxc7+ Kxc7 46. Bxg7 h5 47. a5 Kb7 48. g4 1-0

[Event "18e tournoi d'automne - tournoi B"]
[Site "Montigny le Bretonneux"]
[Date "2019.10.22"]
[Round "4.2"]
[White "Farwagi, Pierre"]
[Black "Fayolle, Guy"]
[Result "0-1"]
[WhiteElo "1384"]
[BlackElo "1639"]
[Annotator "Rivier,Sylvain"]
[PlyCount "90"]
[EventDate "2019.??.??"]

{Partie espagnole, variante Tchigorine} 1. e4 e5 2. Nf3 Nc6 3. Bb5 a6 4. Ba4
Nf6 5. O-O Be7 6. Re1 b5 7. Bb3 d6 8. c3 O-O 9. h3 Na5 10. Bc2 c5 11. d4 cxd4
12. cxd4 Qc7 13. Nbd2 Bb7 14. Nf1 Rfe8 15. d5 Bc8 16. Ne3 g6 17. b3 Nh5 18. Bd2
Nb7 19. Rc1 Qd8 20. Nh2 Nf4 21. Neg4 Bg5 22. Nf3 Bxg4 23. hxg4 Bh6 24. g3 Nh3+
25. Kg2 Ng5 26. Rh1 Nxf3 27. Kxf3 Qf6+ 28. Kg2 Bxd2 29. Qxd2 Rac8 30. Qh6 Qg7
31. Qd2 Rc7 32. Rh6 Rec8 33. Rch1 Rxc2 34. Qg5 f6 35. Qh4 R8c7 36. g5 fxg5 37.
Qxg5 Rf7 38. Rc1 Rfxf2+ 39. Kg1 Qf7 40. Qe3 Rxc1+ 41. Qxc1 Qf3 42. Qc8+ Kg7 43.
Qh3 Rf1+ 44. Qxf1 Qxf1+ 45. Kxf1 Kxh6 0-1

[Event "18e tournoi d'automne - tournoi B"]
[Site "Montigny le Bretonneux"]
[Date "2019.10.22"]
[Round "4.3"]
[White "Duval, Dominique"]
[Black "Branson, James"]
[Result "1-0"]
[WhiteElo "1638"]
[BlackElo "1596"]
[Annotator "Rivier,Sylvain"]
[PlyCount "107"]
[EventDate "2019.??.??"]

{Ouverture du pion dame} 1. d4 Nf6 2. Nf3 e6 3. Bf4 c5 4. e3 Qb6 5. Nc3 Qxb2 6.
Nb5 Nd5 7. Nc7+ Nxc7 8. Bxc7 cxd4 9. Ba5 Bb4+ 10. Bxb4 Qxb4+ 11. Nd2 dxe3 12.
fxe3 b6 13. Qf3 Nc6 14. Bd3 Bb7 15. Rb1 Qh4+ 16. g3 Qe7 17. O-O O-O 18. Qh5 g6
19. Qb5 d5 20. Nf3 Qd6 21. Qb2 e5 22. Bb5 Qc5 23. Bxc6 Qxe3+ 24. Rf2 Bxc6 25.
Re1 Qc5 26. Rxe5 Rae8 27. Rxe8 Bxe8 28. Qf6 Qc6 29. Qh4 f5 30. Ng5 Qd7 31. Rd2
h5 32. c4 Qe7 33. Qf4 Qe1+ 34. Kg2 d4 35. Qxd4 Bc6+ 36. Nf3 Bxf3+ 37. Kxf3 Qh1+
38. Kf4 Rf7 39. Kg5 Qc6 40. Qe5 Qxc4 41. Rd8+ Rf8 42. Rxf8+ Kxf8 43. Qh8+ Qg8
44. Qxg8+ Kxg8 45. Kxg6 h4 46. Kxf5 hxg3 47. hxg3 b5 48. Ke5 Kf7 49. Kd5 a5 50.
Kc5 b4 51. Kb5 Ke6 52. Kxa5 Kf5 53. Kxb4 Kg4 54. a4 1-0

[Event "18e tournoi d'automne - tournoi B"]
[Site "Montigny le Bretonneux"]
[Date "2019.10.22"]
[Round "4.4"]
[White "Couradin, Jean-Marie"]
[Black "Poletto, Claude"]
[Result "1-0"]
[WhiteElo "1596"]
[BlackElo "1515"]
[Annotator "Rivier,Sylvain"]
[PlyCount "63"]
[EventDate "2019.??.??"]

{Partie du pion dame} 1. d4 Nf6 2. Nf3 e6 3. e3 d5 4. Bd3 c5 5. b3 Nc6 6. a3
Bd6 7. Bb2 cxd4 8. exd4 O-O 9. O-O Qc7 10. Nbd2 Re8 11. Re1 Bf8 12. Ne5 Nxe5
13. dxe5 Nd7 14. Nf3 g6 15. h4 Nc5 16. Rc1 Nxd3 17. cxd3 Qd8 18. Qd2 Bd7 19.
Bd4 b6 20. b4 Rc8 21. Rxc8 Qxc8 22. Rc1 Qb7 23. Nh2 Rc8 24. Ng4 Rxc1+ 25. Qxc1
Qc6 26. Qd2 a5 27. Nf6+ Kh8 28. bxa5 bxa5 29. Bc3 a4 30. h5 Qb7 31. Bb4 Bg7 32.
Qf4 1-0

[Event "18e tournoi d'automne - tournoi B"]
[Site "Montigny le Bretonneux"]
[Date "2019.10.22"]
[Round "4.5"]
[White "Tanchoux, Pierre"]
[Black "Boucher, Francis"]
[Result "1-0"]
[WhiteElo "1290"]
[BlackElo "1113"]
[Annotator "Rivier,Sylvain"]
[PlyCount "101"]
[EventDate "2019.??.??"]

{Partie des quatre cavaliers, variante �cossaise} 1. e4 e5 2. Nf3 Nc6 3. a3 Nf6
4. Nc3 Bc5 5. h3 a6 6. Bc4 h6 7. d3 Nd4 8. Be3 Nxf3+ 9. Qxf3 Bxe3 10. Qxe3 d6
11. Qf3 c6 12. O-O-O Qe7 13. d4 O-O 14. dxe5 Qxe5 15. Rhe1 Be6 16. Bf1 Rad8 17.
Re3 d5 18. exd5 Qf5 19. dxe6 Qxf3 20. exf7+ Kxf7 21. Rxf3 Rde8 22. Bc4+ Kg6 23.
Bd3+ Kf7 24. Rg3 g5 25. Rf3 Kg7 26. g4 Re5 27. Rf5 Re7 28. f4 gxf4 29. Rxf4 Re3
30. Rdf1 Rxh3 31. Ne4 Nd7 32. Rxf8 Nxf8 33. Nd6 b5 34. Nf5+ Kh8 35. Nxh6 Rxh6
36. Rxf8+ Kg7 37. g5 Rh1+ 38. Rf1 Rxf1+ 39. Bxf1 Kg6 40. Bg2 c5 41. b3 a5 42.
c3 Kxg5 43. Bf1 b4 44. a4 Kf4 45. Kd2 bxc3+ 46. Kxc3 Ke5 47. Kc4 Kd6 48. Kb5
Kd5 49. Bc4+ Kd4 50. Kxa5 Kc3 51. Kb5 1-0

[Event "18e tournoi d'automne - tournoi B"]
[Site "Montigny le Bretonneux"]
[Date "2019.10.23"]
[Round "5.1"]
[White "Fayolle, Guy"]
[Black "Couronne, Patrice"]
[Result "1-0"]
[WhiteElo "1639"]
[BlackElo "1644"]
[Annotator "Rivier,Sylvain"]
[PlyCount "99"]
[EventDate "2019.??.??"]

{D�fense sicilienne, variante L�wenthal} 1. e4 c5 2. Nf3 Nc6 3. d4 cxd4 4. Nxd4
Nf6 5. Nc3 e5 6. Ndb5 d6 7. Bg5 a6 8. Na3 b5 9. Nd5 Qa5+ 10. Bd2 Qd8 11. Bg5
Qa5+ 12. Bd2 Qd8 13. Nxf6+ Qxf6 14. c3 Be7 15. Nc2 Qg6 16. Qe2 Be6 17. f3 O-O
18. Ne3 Rfc8 19. a3 Na5 20. Nd5 Bxd5 21. exd5 Nb3 22. Rd1 f5 23. Qf2 f4 24. Be2
Qc2 25. g3 Rc5 26. gxf4 Rxd5 27. Qe3 Bh4+ 28. Kf1 Rxd2 29. Rxd2 Qxd2 30. Qe4
Rf8 31. fxe5 Be7 32. Bd3 g6 33. Rg1 Nc5 34. Rxg6+ Kf7 35. Rg7+ Ke8 36. Qc6+ Kd8
37. Qa8+ Kd7 38. Qa7+ Kc6 39. Be4+ Nxe4 40. Qxa6+ Kc5 41. b4+ Kc4 42. Qc6+ Kb3
43. Qxe4 Bh4 44. Qb1+ Qb2 45. Qd1+ Qc2 46. Qd5+ Kb2 47. Rg2 Kxc3 48. Qc6+ Kd4
49. Rxc2 Kxe5 50. Qe4+ 1-0